[Event "Nordic Chess-ch 2019"]
[Site "Sarpsborg"]
[Date "2019.06.21"]
[Round "1.39"]
[White "Thorvlaksson, Baldvin"]
[Black "Kirppo, Ronny"]
[Result "0-1"]
[WhiteElo "1523"]
[BlackElo "1910"]
[Annotator "NA RC"]
[PlyCount "108"]
[EventDate "2019.06.21"]
[EventType "swiss"]
[EventCountry "NOR"]
[SourceTitle "playchess.com"]
[Source "ChessBase"]
[SourceQuality "1"]
[TimeControl "40/5400+30:1800+30"]

1. e4 {[%emt 0:00:00]} c5 {[%emt 0:00:00]} 2. Nf3 {[%emt 0:00:00]} Nc6 {[%emt 0:00:00]} 3. d4 {[%emt 0:00:00]} cxd4 {[%emt 0:00:00]} 4. Nxd4 {[%emt 0:00:00]} Nf6 {[%emt 0:00:00]} 5. Nc3 {[%emt 0:00:15]} d6 {[%emt 0:00:03]} 6. Be2 {[%emt 0:00:25]} e5 {[%emt 0:00:58]} 7. Nf3 {[%emt 0:00:53]} h6 {[%emt 0:01:45]} 8. O-O {[%emt 0:01:27]} Be6 {[%emt 0:03:32]} 9. Be3 {[%emt 0:10:14]} Be7 {[%emt 0:03:23]} 10. a3 {[%emt 0:02:42]} O-O {[%emt 0:05:33]} 11. h3 {[%emt 0:01:48]} Rc8 {[%emt 0:06:16]} 12. Bd3 {[%emt 0:01:35]} a6 {[%emt 0:06:14]} 13. Qe2 {[%emt 0:05:22]} Na5 {[%emt 0:04:04]} 14. Nd2 {[%emt 0:02:06]} d5 {[%emt 0:07:34]} 15. exd5 {[%emt 0:02:03]} Nxd5 {[%emt 0:00:08]} 16. Nxd5 {[%emt 0:00:43]} Qxd5 {[%emt 0:00:31]} 17. f4 {[%emt 0:08:13]} exf4 {[%emt 0:04:17]} 18. Bxf4 {[%emt 0:02:21]} b5 {[%emt 0:06:38]} 19. Qe4 {[%emt 0:03:39]} Qxe4 {[%emt 0:03:58]} 20. Nxe4 {[%emt 0:02:31]} Rfd8 {[%emt 0:01:58]} 21. Nd2 {[%emt 0:05:15]} Bc5+ {[%emt 0:05:00]} 22. Kh1 {[%emt 0:00:43]} Bd4 {[%emt 0:00:09]} 23. Rfb1 {[%emt 0:02:21]} Nc4 {[%emt 0:06:54]} 24. Nxc4 {[%emt 0:05:48]} Bxc4 {[%emt 0:00:13]} 25. Be4 {[%emt 0:02:27]} Bd5 {[%emt 0:02:19]} 26. Bxd5 {[%emt 0:01:55]} Rxd5 {[%emt 0:00:01]} 27. c3 {[%emt 0:00:51]} Bf6 {[%emt 0:01:56]} 28. Rf1 {[%emt 0:01:58]} Kh7 {[%emt 0:04:34]} 29. Rad1 {[%emt 0:02:08]} Rcd8 {[%emt 0:00:17]} 30. Rxd5 {[%emt 0:01:11]} Rxd5 {[%emt 0:00:02]} 31. Kg1 {[%emt 0:00:22]} g5 {[%emt 0:01:25]} 32. Bc1 {[%emt 0:00:22]} Kg6 {[%emt 0:00:08]} 33. Kh1 {[%emt 0:02:03]} Be5 {[%emt 0:00:52]} 34. Kg1 {[%emt 0:00:30]} Bg3 {[%emt 0:01:44]} 35. Be3 {[%emt 0:00:26]} Be5 {[%emt 0:01:18]} 36. Kf2 {[%emt 0:00:46]} f5 {[%emt 0:00:16]} 37. Ke2 {[%emt 0:00:14]} f4 {[%emt 0:02:41]} 38. Bf2 {[%emt 0:00:47]} Kf5 {[%emt 0:00:30]} 39. Rd1 {[%emt 0:02:08]} Rxd1 {[%emt 0:00:53]} 40. Kxd1 {[%emt 0:00:07]} Ke4 {[%emt 0:00:06]} 41. Ke2 {[%emt 0:30:12]} h5 {[%emt 0:30:08]} 42. Be1 {[%emt 0:01:17]} a5 {[%emt 0:03:32]} 43. Bd2 {[%emt 0:03:29]} a4 {[%emt 0:05:19]} 44. Be1 {[%emt 0:00:25]} Bf6 {[%emt 0:00:33]} 45. Bf2 {[%emt 0:01:10]} g4 {[%emt 0:03:46]} 46. hxg4 {[%emt 0:02:27]} hxg4 {[%emt 0:02:13]} 47. Be1 {[%emt 0:00:27]} Bg5 {[%emt 0:01:32]} 48. Bf2 {[%emt 0:04:18]} f3+ {[%emt 0:02:28]} 49. gxf3+ {[%emt 0:00:16]} gxf3+ {[%emt 0:00:02]} 50. Kd1 {[%emt 0:00:30]} Kd3 {[%emt 0:01:30]} 51. Bd4 {[%emt 0:01:33]} Bh4 {[%emt 0:01:26]} 52. Kc1 {[%emt 0:00:13]} f2 {[%emt 0:00:04]} 53. Bxf2 {[%emt 0:00:08]} Bxf2 {[%emt 0:00:28]} 54. Kd1 {[%emt 0:00:25]} Be3 {[%emt 0:00:13]} 0-1

[Event "Nordic Chess-ch 2019"]
[Site "Sarpsborg"]
[Date "2019.06.21"]
[Round "1.40"]
[White "Rukovci, Shemsi"]
[Black "Eriksen, Oddvar"]
[Result "1-0"]
[WhiteElo "1907"]
[BlackElo "1520"]
[Annotator "NA RC"]
[PlyCount "27"]
[EventDate "2019.06.21"]
[EventType "swiss"]
[EventCountry "NOR"]
[SourceTitle "playchess.com"]
[Source "ChessBase"]
[SourceQuality "1"]
[TimeControl "40/5400+30:1800+30"]

1. e4 {[%emt 0:00:00]} e5 {[%emt 0:00:03]} 2. Nf3 {[%emt 0:00:03]} Nf6 {[%emt 0:00:59]} 3. Bc4 {[%emt 0:00:46]} Bc5 {[%emt 0:01:18]} 4. Nxe5 {[%emt 0:01:19]} O-O {[%emt 0:01:51]} 5. d4 {[%emt 0:02:11]} Be7 {[%emt 0:00:47]} 6. Nc3 {[%emt 0:00:50]} d6 {[%emt 0:00:32]} 7. Nf3 {[%emt 0:02:07]} Bg4 {[%emt 0:00:49]} 8. Be2 {[%emt 0:00:23]} Nbd7 {[%emt 0:01:22]} 9. O-O {[%emt 0:03:05]} c5 {[%emt 0:00:18]} 10. e5 {[%emt 0:01:44]} Bxf3 {[%emt 0:06:19]} 11. exf6 {[%emt 0:04:46]} Bxe2 {[%emt 1:21:12]} 12. fxe7 {[%emt 1:18:46]} Qxe7 {[%emt 0:00:30]} 13. Qxe2 {[%emt 0:00:30]} Rfe8 {[%emt 0:00:00]} 14. Qxe7 {[%emt 0:00:00]} 1-0

[Event "Nordic Chess-ch 2019"]
[Site "Sarpsborg"]
[Date "2019.06.21"]
[Round "1.41"]
[White "Lilleng, Gunnar"]
[Black "Andersen, Harry"]
[Result "0-1"]
[WhiteElo "1485"]
[BlackElo "1905"]
[Annotator "NA RC"]
[PlyCount "120"]
[EventDate "2019.06.21"]
[EventType "swiss"]
[EventCountry "NOR"]
[SourceTitle "playchess.com"]
[Source "ChessBase"]
[SourceQuality "1"]
[TimeControl "40/5400+30:1800+30"]

1. d4 {[%emt 0:00:00]} Nf6 {[%emt 0:00:00]} 2. c3 {[%emt 0:00:38]} g6 {[%emt 0:00:00]} 3. Bg5 {[%emt 0:01:26]} Ne4 {[%emt 0:00:51]} 4. Bf4 {[%emt 0:03:20]} Bg7 {[%emt 0:00:34]} 5. f3 {[%emt 0:02:23]} Nf6 {[%emt 0:00:17]} 6. e4 {[%emt 0:01:15]} d5 {[%emt 0:02:23]} 7. e5 {[%emt 0:05:21]} Nfd7 {[%emt 0:02:40]} 8. Bb5 {[%emt 0:02:54]} c6 {[%emt 0:01:04]} 9. Bd3 {[%emt 0:01:23]} c5 {[%emt 0:00:33]} 10. Ne2 {[%emt 0:09:54]} O-O {[%emt 0:02:14]} 11. O-O {[%emt 0:00:48]} cxd4 {[%emt 0:00:23]} 12. cxd4 {[%emt 0:00:18]} Qb6 {[%emt 0:00:41]} 13. Qb3 {[%emt 0:07:31]} Qxb3 {[%emt 0:03:46]} 14. axb3 {[%emt 0:00:10]} Nc6 {[%emt 0:00:12]} 15. Nd2 {[%emt 0:04:57]} Nb4 {[%emt 0:01:33]} 16. Bb1 {[%emt 0:00:17]} b6 {[%emt 0:00:52]} 17. Nc1 {[%emt 0:11:36]} a5 {[%emt 0:03:54]} 18. Na2 {[%emt 0:01:20]} Ba6 {[%emt 0:03:51]} 19. Re1 {[%emt 0:02:46]} Nc6 {[%emt 0:02:06]} 20. Be3 {[%emt 0:00:55]} Rfc8 {[%emt 0:01:44]} 21. Nc3 {[%emt 0:00:52]} Nb4 {[%emt 0:03:49]} 22. f4 {[%emt 0:02:37]} Nf8 {[%emt 0:01:59]} 23. Nf3 {[%emt 0:38:49]} Rc7 {[%emt 0:05:22]} 24. Rd1 {[%emt 0:00:00]} Rac8 {[%emt 0:00:56]} 25. Ne1 {[%emt 0:00:00]} Bh6 {[%emt 0:13:06]} 26. Nd3 {[%emt 0:00:00]} Bxd3 {[%emt 0:01:50]} 27. Bxd3 {[%emt 0:00:00]} Rxc3 {[%emt 0:04:24]} 28. bxc3 {[%emt 0:00:00]} Rxc3 {[%emt 0:00:13]} 29. Bd2 {[%emt 0:00:00]} Rxd3 {[%emt 0:02:45]} 30. Bxb4 {[%emt 0:00:00]} Rxd1+ {[%emt 0:00:17]} 31. Rxd1 {[%emt 0:00:00]} axb4 {[%emt 0:00:11]} 32. g3 {[%emt 0:00:00]} Ne6 {[%emt 0:00:18]} 33. Kf2 {[%emt 0:00:00]} Nc7 {[%emt 0:06:56]} 34. Rc1 {[%emt 0:00:00]} Nb5 {[%emt 0:00:19]} 35. Rc8+ {[%emt 0:00:00]} Bf8 {[%emt 0:01:26]} 36. Ke3 {[%emt 0:00:00]} Nc3 {[%emt 0:02:06]} 37. Rc6 {[%emt 0:00:00]} b5 {[%emt 0:00:20]} 38. Rc8 {[%emt 0:00:00]} e6 {[%emt 0:01:24]} 39. Rb8 {[%emt 0:00:00]} Kg7 {[%emt 0:00:20]} 40. Rb7 {[%emt 0:00:00]} h6 {[%emt 0:00:57]} 41. Kd3 {[%emt 0:16:16]} g5 {[%emt 0:31:25]} 42. fxg5 {[%emt 0:01:07]} hxg5 {[%emt 0:00:13]} 43. Ke3 {[%emt 0:04:52]} g4 {[%emt 0:03:06]} 44. Kd3 {[%emt 0:03:20]} Kg6 {[%emt 0:00:27]} 45. Ra7 {[%emt 0:00:42]} Bh6 {[%emt 0:00:59]} 46. Ra1 {[%emt 0:00:36]} Ne4 {[%emt 0:03:19]} 47. Rf1 {[%emt 0:05:14]} Nd2 {[%emt 0:04:58]} 48. Rf6+ {[%emt 0:00:26]} Kg7 {[%emt 0:00:11]} 49. Rxh6 {[%emt 0:01:50]} Kxh6 {[%emt 0:00:10]} 50. Kxd2 {[%emt 0:00:07]} Kg5 {[%emt 0:00:27]} 51. Ke3 {[%emt 0:01:48]} Kf5 {[%emt 0:00:10]} 52. Kd3 {[%emt 0:00:10]} f6 {[%emt 0:00:46]} 53. exf6 {[%emt 0:00:20]} Kxf6 {[%emt 0:00:11]} 54. Ke2 {[%emt 0:01:43]} e5 {[%emt 0:02:15]} 55. Ke3 {[%emt 0:00:15]} Ke6 {[%emt 0:01:07]} 56. Kd3 {[%emt 0:00:29]} exd4 {[%emt 0:00:23]} 57. Kxd4 {[%emt 0:00:10]} Kd6 {[%emt 0:00:06]} 58. Ke3 {[%emt 0:00:23]} Ke5 {[%emt 0:00:12]} 59. Kd3 {[%emt 0:00:14]} d4 {[%emt 0:00:14]} 60. Ke2 {[%emt 0:00:44]} Ke4 {[%emt 0:00:11]} 0-1

[Event "Nordic Chess-ch 2019"]
[Site "Sarpsborg"]
[Date "2019.06.21"]
[Round "1.42"]
[White "Gonzalez, Francisco Silva"]
[Black "Blauhut, Anna"]
[Result "1-0"]
[WhiteElo "2095"]
[BlackElo "1156"]
[Annotator "NA RC"]
[PlyCount "95"]
[EventDate "2019.06.21"]
[EventType "swiss"]
[EventCountry "NOR"]
[SourceTitle "playchess.com"]
[Source "ChessBase"]
[SourceQuality "1"]
[TimeControl "40/5400+30:1800+30"]

1. d4 {[%emt 0:00:00]} d5 {[%emt 0:00:00]} 2. c4 {[%emt 0:00:00]} e6 {[%emt 0:00:31]} 3. Nc3 {[%emt 0:00:00]} Nf6 {[%emt 0:01:01]} 4. Bg5 {[%emt 0:00:10]} c6 {[%emt 0:00:27]} 5. e3 {[%emt 0:00:08]} Bd6 {[%emt 0:01:05]} 6. Nf3 {[%emt 0:00:52]} O-O {[%emt 0:01:05]} 7. Bd3 {[%emt 0:00:13]} Nbd7 {[%emt 0:00:43]} 8. a3 {[%emt 0:00:29]} h6 {[%emt 0:01:08]} 9. Bh4 {[%emt 0:00:12]} b6 {[%emt 0:00:41]} 10. O-O {[%emt 0:00:35]} Bb7 {[%emt 0:08:44]} 11. b4 {[%emt 0:00:16]} c5 {[%emt 0:02:55]} 12. cxd5 {[%emt 0:04:21]} exd5 {[%emt 0:01:57]} 13. Nb5 {[%emt 0:00:46]} Be7 {[%emt 0:01:29]} 14. bxc5 {[%emt 0:00:58]} bxc5 {[%emt 0:00:50]} 15. dxc5 {[%emt 0:00:27]} Nxc5 {[%emt 0:01:45]} 16. Bc2 {[%emt 0:00:06]} Ba6 {[%emt 0:02:01]} 17. a4 {[%emt 0:00:06]} Qd7 {[%emt 0:02:20]} 18. Nfd4 {[%emt 0:00:23]} Nfe4 {[%emt 0:02:33]} 19. Bxe7 {[%emt 0:00:10]} Qxe7 {[%emt 0:00:49]} 20. Nc6 {[%emt 0:05:44]} Qe6 {[%emt 0:03:01]} 21. Qxd5 {[%emt 0:00:28]} Qxd5 {[%emt 0:00:35]} 22. Ne7+ {[%emt 0:00:11]} Kh8 {[%emt 0:00:22]} 23. Nxd5 {[%emt 0:00:10]} Rfd8 {[%emt 0:02:06]} 24. Ndc7 {[%emt 0:02:25]} Bxb5 {[%emt 0:03:06]} 25. axb5 {[%emt 0:00:20]} Rab8 {[%emt 0:01:33]} 26. Rxa7 {[%emt 0:00:13]} Rd7 {[%emt 0:00:31]} 27. f3 {[%emt 0:02:44]} Nd6 {[%emt 0:02:45]} 28. Rd1 {[%emt 0:09:52]} Nxb5 {[%emt 0:01:22]} 29. Rxd7 {[%emt 0:00:23]} Nxa7 {[%emt 0:00:32]} 30. Rxf7 {[%emt 0:00:05]} Kg8 {[%emt 0:01:13]} 31. Rf5 {[%emt 0:01:43]} Nd7 {[%emt 0:01:30]} 32. Nd5 {[%emt 0:01:49]} Nb5 {[%emt 0:04:50]} 33. Ne7+ {[%emt 0:00:25]} Kh8 {[%emt 0:00:41]} 34. Ba4 {[%emt 0:01:32]} Re8 {[%emt 0:01:19]} 35. Ng6+ {[%emt 0:00:59]} Kh7 {[%emt 0:00:55]} 36. Bxb5 {[%emt 0:00:18]} Kxg6 {[%emt 0:00:30]} 37. Bxd7 {[%emt 0:01:33]} Re7 {[%emt 0:00:18]} 38. Rd5 {[%emt 0:00:14]} Rxe3 {[%emt 0:00:27]} 39. Kf2 {[%emt 0:00:13]} Re7 {[%emt 0:00:24]} 40. h4 {[%emt 0:00:20]} h5 {[%emt 0:00:24]} 41. g4 {[%emt 0:30:13]} hxg4 {[%emt 0:30:51]} 42. fxg4 {[%emt 0:00:08]} Rf7+ {[%emt 0:00:37]} 43. Kg3 {[%emt 0:00:16]} Rf8 {[%emt 0:00:37]} 44. g5 {[%emt 0:00:12]} Kh7 {[%emt 0:00:59]} 45. Bf5+ {[%emt 0:00:09]} Kh8 {[%emt 0:00:48]} 46. g6 {[%emt 0:00:18]} Kg8 {[%emt 0:00:54]} 47. Be6+ {[%emt 0:00:15]} Kh8 {[%emt 0:00:13]} 48. Rh5# {[%emt 0:00:06]} 1-0

[Event "Nordic Chess-ch 2019"]
[Site "Sarpsborg"]
[Date "2019.06.22"]
[Round "2.1"]
[White "Ingebretsen, Jens E"]
[Black "Hammer, Jon Ludvig"]
[Result "0-1"]
[WhiteElo "2263"]
[BlackElo "2645"]
[Annotator "TA"]
[PlyCount "56"]
[EventDate "2019.06.21"]
[EventType "swiss"]
[EventCountry "NOR"]
[SourceTitle "playchess.com"]
[Source "ChessBase"]
[SourceQuality "1"]

{[%evp 9,56,-11,-5,-20,-21,-46,-50,-49,-46,-44,-41,-55,-35,-70,-77,-89,-67,-92,-85,-105,-97,-173,-164,-165,-175,-229,-209,-283,-250,-342,-316,-378,-385,-520,-535,-1141,-1103,-1108,-1067,-1087,-1508,-1503,-1489,-1244,-1085,-1343,-1314,-1129,-987]} 1. c4 e5 2. Nc3 Bb4 3. g3 Bxc3 4. dxc3 d6 5. e4 Nc6 6. f3 $146 {A21: English Opening: 1...e5 2 Nc3} ({Predecessor:} 6. Bg2 Be6 7. b3 Qd7 8. Nf3 Bh3 9. O-O h5 10. Be3 Bxg2 11. Kxg2 Nf6 12. Ng5 Ng4 13. Bd2 O-O-O 14. h4 Nh6 15. Nf3 f6 16. Bxh6 Rxh6 17. Qe2 g5 18. Qe3 b5 19. a4 {½-½ (19) Stanec,N (2541)-Nevednichy,V (2601) Novi Sad 2009}) 6... f5 7. Nh3 fxe4 8. fxe4 {Black is slightly better.} Nf6 9. Nf2 O-O 10. Be3 b6 11. Bd3 Qe8 12. g4 Be6 13. Qe2 a5 14. a4 Nd7 15. c5 (15. Bc2 $17) 15... Nxc5 16. Bb5 Bd7 17. g5 (17. O-O {was called for.}) 17... Ne7 {[%cal Bc6e7,Be7g6,Bg6f4,Bf4e2][%mdl 32]} 18. Bc4+ Kh8 19. h4 Ng6 ({Less strong is} 19... Nxa4 20. h5 $19) 20. O-O-O Nf4 21. Qd2 Bxa4 {[#] Hoping for ...Bb3.Black is clearly winning.} 22. Rdg1 Bb3 23. Bxc5 Bxc4 24. Be3 Ne2+ {[%mdl 64] [#] Double Attack} 25. Kd1 Qa4+ 26. Ke1 Qa1+ 27. Nd1 Nxg1 28. Rxg1 Rf3 {Accuracy: White = 30%, Black = 96%.} 0-1

[Event "Nordic Chess-ch 2019"]
[Site "Sarpsborg"]
[Date "2019.06.22"]
[Round "2.2"]
[White "Westerberg, Jonathan"]
[Black "Hobber, Anders"]
[Result "1-0"]
[WhiteElo "2545"]
[BlackElo "2282"]
[Annotator "ChessBase"]
[PlyCount "81"]
[EventDate "2019.06.21"]
[EventType "swiss"]
[EventCountry "NOR"]
[SourceTitle "playchess.com"]
[Source "ChessBase"]
[SourceQuality "1"]
[TimeControl "40/5400+30:1800+30"]

1. e4 {[%emt 0:00:00]} e6 {[%emt 0:00:14]} 2. d4 {[%emt 0:00:14]} d5 {[%emt 0:00:07]} 3. Nc3 {[%emt 0:00:31]} Nf6 {[%emt 0:00:12]} 4. exd5 {[%emt 0:00:55]} exd5 {[%emt 0:00:18]} 5. Bg5 {[%emt 0:00:13]} Be7 {[%emt 0:01:27]} 6. Qd2 {[%emt 0:00:11]} O-O {[%emt 0:01:40]} 7. O-O-O {[%emt 0:03:26]} Re8 {[%emt 0:05:53]} 8. f3 {[%emt 0:03:57]} c6 {[%emt 0:11:06]} 9. Bd3 {[%emt 0:01:53]} b5 {[%emt 0:01:42]} 10. Re1 {[%emt 0:00:34]} Nbd7 {[%emt 0:05:24]} 11. Nge2 {[%emt 0:13:29]} Nb6 {[%emt 0:11:46]} 12. Ng3 {[%emt 0:11:45]} b4 {[%emt 0:17:55]} 13. Nd1 {[%emt 0:00:43]} Be6 {[%emt 0:02:59]} 14. Kb1 {[%emt 0:02:21]} Nc4 {[%emt 0:09:21]} 15. Qc1 {[%emt 0:05:38]} a5 {[%emt 0:07:17]} 16. Bf5 {[%emt 0:04:18]} Qd7 {[%emt 0:02:03]} 17. Bxe6 {[%emt 0:01:45]} fxe6 {[%emt 0:00:03]} 18. Nf2 {[%emt 0:00:56]} a4 {[%emt 0:01:12]} 19. Nd3 {[%emt 0:01:55]} b3 {[%emt 0:04:02]} 20. cxb3 {[%emt 0:01:19]} axb3 {[%emt 0:00:26]} 21. axb3 {[%emt 0:00:23]} Na5 {[%emt 0:06:49]} 22. Qc3 {[%emt 0:06:32]} Reb8 {[%emt 0:01:17]} 23. b4 {[%emt 0:00:54]} Nc4 {[%emt 0:00:29]} 24. Bxf6 {[%emt 0:06:24]} Bxf6 {[%emt 0:00:52]} 25. Nc5 {[%emt 0:02:23]} Qa7 {[%emt 0:00:33]} 26. Kc2 {[%emt 0:00:52]} Qf7 {[%emt 0:04:14]} 27. Ra1 {[%emt 0:01:26]} e5 {[%emt 0:00:16]} 28. Qd3 {[%emt 0:02:41]} exd4 {[%emt 0:00:29]} 29. Nf5 {[%emt 0:00:20]} Ne3+ {[%emt 0:02:19]} 30. Nxe3 {[%emt 0:03:12]} dxe3 {[%emt 0:00:03]} 31. Qxe3 {[%emt 0:02:39]} Qg6+ {[%emt 0:00:22]} 32. Nd3 {[%emt 0:01:33]} Qxg2+ {[%emt 0:00:15]} 33. Kb3 {[%emt 0:00:06]} Rxa1 {[%emt 0:02:41]} 34. Rxa1 {[%emt 0:00:01]} Qxh2 {[%emt 0:00:25]} 35. Qe6+ {[%emt 0:00:44]} Kh8 {[%emt 0:00:03]} 36. Qxc6 {[%emt 0:00:17]} Qd2 {[%emt 0:01:09]} 37. Qxd5 {[%emt 0:02:35]} Bxb2 {[%emt 0:00:10]} 38. Ra8 {[%emt 0:00:26]} Qd1+ {[%emt 0:00:52]} 39. Kxb2 {[%emt 0:01:00]} Qd2+ {[%emt 0:00:29]} 40. Kb3 {[%emt 0:00:13]} Qd1+ {[%emt 0:00:21]} 41. Kc3 {[%emt 0:30:07]} 1-0

[Event "Nordic Chess-ch 2019"]
[Site "Sarpsborg"]
[Date "2019.06.22"]
[Round "2.3"]
[White "Altarbosh, Ward"]
[Black "Chatalbashev, Boris"]
[Result "1-0"]
[WhiteElo "2250"]
[BlackElo "2527"]
[Annotator "ChessBase"]
[PlyCount "65"]
[EventDate "2019.06.21"]
[EventType "swiss"]
[EventCountry "NOR"]
[SourceTitle "playchess.com"]
[Source "ChessBase"]
[SourceQuality "1"]
[TimeControl "40/5400+30:1800+30"]

1. e4 {[%emt 0:00:00]} g6 {[%emt 0:00:00]} 2. d4 {[%emt 0:00:00]} Bg7 {[%emt 0:00:00]} 3. Nf3 {[%emt 0:00:00]} d6 {[%emt 0:00:00]} 4. c3 {[%emt 0:00:00]} Nf6 {[%emt 0:00:00]} 5. Bd3 {[%emt 0:00:14]} O-O {[%emt 0:00:02]} 6. O-O {[%emt 0:00:05]} Nbd7 {[%emt 0:00:05]} 7. Nbd2 {[%emt 0:00:57]} e5 {[%emt 0:00:09]} 8. Re1 {[%emt 0:01:08]} b6 {[%emt 0:00:21]} 9. a4 {[%emt 0:00:06]} a6 {[%emt 0:00:07]} 10. b4 {[%emt 0:00:13]} Bb7 {[%emt 0:01:19]} 11. Nb3 {[%emt 0:03:55]} d5 {[%emt 0:07:18]} 12. exd5 {[%emt 0:15:36]} Nxd5 {[%emt 0:02:10]} 13. Bg5 {[%emt 0:08:37]} Nxc3 {[%emt 0:18:42]} 14. Qc2 {[%emt 0:15:59]} f6 {[%emt 0:00:45]} 15. Qxc3 {[%emt 0:02:13]} fxg5 {[%emt 0:03:56]} 16. Nxe5 {[%emt 0:00:53]} Nxe5 {[%emt 0:05:01]} 17. dxe5 {[%emt 0:00:13]} Rf4 {[%emt 0:00:55]} 18. Rad1 {[%emt 0:05:06]} Qf8 {[%emt 0:13:16]} 19. Qxc7 {[%emt 0:08:51]} Bd5 {[%emt 0:17:58]} 20. Nd2 {[%emt 0:13:13]} Qxb4 {[%emt 0:00:11]} 21. e6 {[%emt 0:17:45]} Bc3 {[%emt 0:19:39]} 22. Qd7 {[%emt 0:03:45]} Qd4 {[%emt 0:02:21]} 23. Re3 {[%emt 0:00:10]} Ba2 {[%emt 0:05:04]} 24. Ne4 {[%emt 0:01:40]} Bb3 {[%emt 0:00:34]} 25. Rb1 {[%emt 0:01:15]} Bxa4 {[%emt 0:00:34]} 26. Qc7 {[%emt 0:00:20]} Bb4 {[%emt 0:00:57]} 27. Nxg5 {[%emt 0:00:11]} Rh4 {[%emt 0:01:15]} 28. Qf7+ {[%emt 0:00:18]} Kh8 {[%emt 0:00:01]} 29. e7 {[%emt 0:00:54]} Re8 {[%emt 0:00:53]} 30. Ne6 {[%emt 0:00:45]} Qc3 {[%emt 0:00:53]} 31. Bxg6 {[%emt 0:00:22]} hxg6 {[%emt 0:00:31]} 32. Rxc3 {[%emt 0:00:10]} Bxc3 {[%emt 0:00:03]} 33. Qf8+ {[%emt 0:00:14]} 1-0

[Event "Nordic Chess-ch 2019"]
[Site "Sarpsborg"]
[Date "2019.06.22"]
[Round "2.4"]
[White "Urkedal, Frode Olav Olsen"]
[Black "Vitenberg, Noam Aviv"]
[Result "1-0"]
[WhiteElo "2525"]
[BlackElo "2256"]
[Annotator "ChessBase"]
[PlyCount "83"]
[EventDate "2019.06.21"]
[EventType "swiss"]
[EventCountry "NOR"]
[SourceTitle "playchess.com"]
[Source "ChessBase"]
[SourceQuality "1"]
[TimeControl "40/5400+30:1800+30"]

1. e4 {[%emt 0:01:28]} e6 {[%emt 0:01:15]} 2. d4 {[%emt 0:00:11]} d5 {[%emt 0:00:11]} 3. Nc3 {[%emt 0:00:03]} Bb4 {[%emt 0:00:43]} 4. e5 {[%emt 0:00:09]} Ne7 {[%emt 0:00:27]} 5. a3 {[%emt 0:00:06]} Bxc3+ {[%emt 0:00:10]} 6. bxc3 {[%emt 0:00:04]} b6 {[%emt 0:00:15]} 7. Qg4 {[%emt 0:00:28]} Kf8 {[%emt 0:00:32]} 8. Nh3 {[%emt 0:01:51]} Ba6 {[%emt 0:05:33]} 9. Bxa6 {[%emt 0:00:55]} Nxa6 {[%emt 0:00:08]} 10. Nf4 {[%emt 0:02:28]} Nf5 {[%emt 0:03:59]} 11. h4 {[%emt 0:03:06]} c5 {[%emt 0:11:51]} 12. Qe2 {[%emt 0:03:09]} Nb8 {[%emt 0:08:22]} 13. h5 {[%emt 0:01:06]} h6 {[%emt 0:06:36]} 14. g4 {[%emt 0:07:19]} Ne7 {[%emt 0:00:32]} 15. Be3 {[%emt 0:04:33]} Nbc6 {[%emt 0:03:17]} 16. Nd3 {[%emt 0:03:43]} Na5 {[%emt 0:06:28]} 17. dxc5 {[%emt 0:16:59]} Qc7 {[%emt 0:04:26]} 18. O-O {[%emt 0:03:41]} Nc4 {[%emt 0:11:47]} 19. Bd4 {[%emt 0:01:04]} Kg8 {[%emt 0:03:13]} 20. f4 {[%emt 0:01:49]} bxc5 {[%emt 0:06:02]} 21. Nxc5 {[%emt 0:01:11]} Nc6 {[%emt 0:03:13]} 22. Rab1 {[%emt 0:12:32]} Qa5 {[%emt 0:01:37]} 23. Qd3 {[%emt 0:03:58]} Rc8 {[%emt 0:05:21]} 24. a4 {[%emt 0:05:58]} Qd8 {[%emt 0:02:30]} 25. Rf2 {[%emt 0:03:05]} Rb8 {[%emt 0:02:46]} 26. Rbf1 {[%emt 0:02:35]} Qa5 {[%emt 0:03:56]} 27. Re2 {[%emt 0:04:00]} Nb2 {[%emt 0:01:39]} 28. Qe3 {[%emt 0:05:08]} Nc4 {[%emt 0:01:36]} 29. Qf2 {[%emt 0:00:33]} Rc8 {[%emt 0:03:29]} 30. f5 {[%emt 0:02:20]} N6xe5 {[%emt 0:00:42]} 31. fxe6 {[%emt 0:00:07]} f6 {[%emt 0:00:26]} 32. Nd7 {[%emt 0:01:41]} Qd8 {[%emt 0:00:24]} 33. Nxe5 {[%emt 0:00:34]} Nxe5 {[%emt 0:00:12]} 34. Bxe5 {[%emt 0:01:02]} fxe5 {[%emt 0:00:08]} 35. Qf7+ {[%emt 0:00:13]} Kh7 {[%emt 0:00:04]} 36. Qg6+ {[%emt 0:00:22]} Kg8 {[%emt 0:00:04]} 37. Rf7 {[%emt 0:00:26]} Rh7 {[%emt 0:00:30]} 38. e7 {[%emt 0:00:09]} Qb6+ {[%emt 0:01:28]} 39. Ref2 {[%emt 0:00:06]} Qc5 {[%emt 0:01:24]} 40. Qe6 {[%emt 0:01:09]} Rh8 {[%emt 0:00:59]} 41. Rf8+ {[%emt 0:30:21]} Kh7 {[%emt 0:30:08]} 42. Qg6# {[%emt 0:09:18]} 1-0

[Event "Nordic Chess-ch 2019"]
[Site "Sarpsborg"]
[Date "2019.06.22"]
[Round "2.5"]
[White "Haugli, Petter"]
[Black "Notkevich, Benjamin Arvola"]
[Result "0-1"]
[WhiteElo "2223"]
[BlackElo "2485"]
[Annotator "ChessBase"]
[PlyCount "36"]
[EventDate "2019.06.21"]
[EventType "swiss"]
[EventCountry "NOR"]
[SourceTitle "playchess.com"]
[Source "ChessBase"]
[SourceQuality "1"]
[TimeControl "40/5400+30:1800+30"]

1. c4 {[%emt 0:00:00]} c5 {[%emt 0:00:00]} 2. Nc3 {[%emt 0:00:00]} g6 {[%emt 0:00:00]} 3. g3 {[%emt 0:00:00]} Bg7 {[%emt 0:00:00]} 4. Bg2 {[%emt 0:00:03]} Nc6 {[%emt 0:00:00]} 5. Nf3 {[%emt 0:00:06]} e6 {[%emt 0:00:20]} 6. d4 {[%emt 0:00:12]} cxd4 {[%emt 0:00:06]} 7. Nb5 {[%emt 0:00:06]} d5 {[%emt 0:00:10]} 8. cxd5 {[%emt 0:00:09]} Qa5+ {[%emt 0:00:09]} 9. Nd2 {[%emt 0:00:13]} exd5 {[%emt 0:00:07]} 10. Nd6+ {[%emt 0:02:22]} Kf8 {[%emt 0:00:06]} 11. Qb3 {[%emt 0:23:20]} Nge7 {[%emt 0:07:39]} 12. O-O {[%emt 0:00:31]} Be6 {[%emt 0:15:50]} 13. Nxb7 {[%emt 0:14:08]} Qb6 {[%emt 0:00:08]} 14. Qxb6 {[%emt 0:01:03]} axb6 {[%emt 0:00:06]} 15. Nf3 {[%emt 0:00:06]} Ke8 {[%emt 0:04:01]} 16. a3 {[%emt 0:14:21]} Kd7 {[%emt 0:01:41]} 17. Bf4 {[%emt 0:00:05]} h6 {[%emt 0:00:57]} 18. h4 {[%emt 0:00:52]} Nc8 {[%emt 0:05:30]} 0-1